• 首页
  • 本馆介绍
  • 公告通知
  • 最新文献
  • 馆藏检索
  • 电子资源
  • 读者导购
  • 参考咨询
  • 我的图书馆
  • 登录
  • 详细信息显示
  • 放入我的书架
  • 预约/预借图书
  • 作者相关作品
  • 分类相关作品
  • 丛书相关作品
  • 出版社相关作品

书目信息

  • 表格格式
  • 工作单格式
  • 卡片格式
题名:
悲壮的还乡
    
 
作者: 林和生 著
分册:  
出版信息: 成都   四川人民出版社  2005
页数: 241页
开本: 21cm
丛书名:
单 册:
中图分类: B018
科图分类:
主题词: 信仰--研究 , 信仰
电子资源:
ISBN: 7-220-06840-9
000 00815nam0 2200241 450
001 002853388
005 20061114094651.20
010    @a7-220-06840-9@dCNY18.00
100    @a20050411d2005 emky0chiy0110 ea
101 0  @achi
102    @aCN@b510000
105    @ay z 000yy
200 1  @a悲壮的还乡@9bei zhuang de huan xiang@e精神家园忧思录@f林和生著
210    @a成都@c四川人民出版社@d2005
215    @a241页@d21cm
330    @a本书包括:导言:家园或“精神家园”的历史寻踪、重新发现蔚蓝色家园、人与家园的悖论本性、现代性和兽性:大众消费时代和家园的危机、天使也疯狂:现代人无家可归等6章。
517 1  @a精神家园忧思录@9jing shen jia yuan you si lu
606 0  @a信仰@x研究
606 0  @a信仰
690    @aB018@v4
701  0 @a林和生@9lin he sheng@4著
801  0 @aCN@bNLC@c20061114
905    @a10447@dB018@e206
    
    悲壮的还乡:精神家园忧思录/林和生著.-成都:四川人民出版社,2005
    241页;21cm
    
    
    ISBN 7-220-06840-9:CNY18.00
    本书包括:导言:家园或“精神家园”的历史寻踪、重新发现蔚蓝色家园、人与家园的悖论本性、现代性和兽性:大众消费时代和家园的危机、天使也疯狂:现代人无家可归等6章。
●
相关链接 在E读中查询图书 在五车中查询图书 在当当中查询图书 在豆瓣中查询图书


正题名:悲壮的还乡     索取号:B018/206         预约/预借

序号 登录号 条形码 馆藏地/架位号 状态 备注
1 0382766   203827662   第一样本阅览室/ [索取号:B018/206] 在馆    
2 0382767   203827671   教育系资料室/ [索取号:B018/206] 在馆    
3 0382768   203827680   第一借阅区/ [索取号:B018/206] 在馆    
4 0382769   203827699   第一借阅区/ [索取号:B018/206] 在馆    
5 0382770   203827706   教育系资料室/ [索取号:B018/206] 在馆    
唐山师范学院图书馆 欢迎您!
大连网信软件有限公司© 版权所有